| 000 | 05428cam a2201189 i 4500 | ||
|---|---|---|---|
| 003 | PE-LiUPU | ||
| 005 | 20250813185700.0 | ||
| 008 | 210719s2021 pe b 000 0 spa | ||
| 020 | _a9786124606892 | ||
| 040 |
_bspa _cPE-LiUPU _erda _dPE-LiUPU |
||
| 082 |
_223 _a345.2 _bP397t |
||
| 100 | 1 | 0 |
_aPeña Gonzales, Óscar, _d1968- _eautor. _92849 |
| 245 |
_aTécnicas de litigación oral : _bteoría y práctica / _cOscar Peña Gonzáles. |
||
| 250 | _aQuinta edición. | ||
| 264 | 1 |
_aLima, Perú : _bAsociación Peruana de Ciencias Jurídicas y Conciliación, _c2013. |
|
| 300 |
_a851 páginas ; _c25 centímetros. |
||
| 336 |
_atext _btxt _2rdacontent |
||
| 337 |
_aunmediated _bn _2rdamedia |
||
| 338 |
_avolume _bnc _2rdacarrier |
||
| 504 | _aIncluye bibliografía. | ||
| 505 | _aMecanismos alternativos de solución al conflicto penal -- Medios alternativos de resolución de conflictos -- La negociación -- Técnicas de comunicación aplicadas a la litigación -- Justicia restaurativa o reparadora -- Mecanismos alternativos para la solución del conflicto penal -- Técnicas de litigación oral -- Teoría del caso -- Guía práctica de la teoría del caso -- Pasos para construir una teoría del caso -- Otro modelo de par construir una teoría del cas práctica y sencilla -- Alegato de apertura y guía práctica -- Guía práctica del alegato de apertura -- El interrogatorio o examen directo -- Guía práctica del interrogatorio o examen directo -- Simulación o modelo de interrogatorio -- Interrogatorio redirecto y el recontrainterrogatorio -- Modelos o formatos que se utilizan en los interrogatorios -- El contraexamen o contrainterrogatorio -- La pregunta sugestiva y técnicas para construir preguntas sugestivas -- Tres técnicas básicas del contrainterogatorio -- Técnicas generales del control de testigos -- Técnicas específicas de control de testigos -- Técnicas avanzadas de contraexamen -- El capítulo como técnica en el contraexamen o contrainterrogatorio -- Secuencia del contrainterrogatorio -- Clases y alcances del contrainterrogatorio -- Contrainterrogatorio silencioso o el arte de no contrainterrogar -- Examen y contraexamen de peritos -- Técnicas de control que no funcionan y preguntas que hacen perder control del testigo -- Cómo contrainterrogar a policías o investigadores, testigos débiles o víctimas, testigos evasivos y testigos hostiles -- Guía práctica del contrainterrogatorio -- Errores que cometemos al ejecutar interrogatorios y contrainterrogatorios -- Clases de preguntas prohibidas en el interrogatorio y contrainterrogatorio -- Reglas prácticas y tips para contrainterrogar exitosamente -- La impugnación y rehabilitación de testigos -- Impugnación de testigos -- Modalidades de impugnación -- La rehabilitación de testigos -- El interrogatorio redirecto -- El recontraexamen o recontrainterrogatorio -- Selección de casos para talleres de interrogatorios y contrainterrogatorios -- Modelos y formatos que se utilizan en el contrainterrogatorio -- Las objeciones -- Guía práctica sobre las objeciones -- Uso de declaraciones previas -- Prueba material, documental y otros medios de prueba -- Presentación e incorporación de la evidencia -- Alegato de clausura -- Guía práctica de alegato de clausura -- Breve análisi de la teoría del delito. | ||
| 526 | _aP202 | ||
| 526 | _aP201 | ||
| 526 | _aP163 | ||
| 526 | _aP162 | ||
| 526 | _aP161 | ||
| 526 | _aP160 | ||
| 526 | _aP148 | ||
| 526 | _aP147 | ||
| 526 | _aP146 | ||
| 526 | _aP145 | ||
| 526 | _aP144 | ||
| 526 | _aP143 | ||
| 526 | _aP142 | ||
| 526 | _aP141 | ||
| 526 | _aP140 | ||
| 526 | _aP139 | ||
| 526 | _aP138 | ||
| 526 | _aP137 | ||
| 526 | _aP136 | ||
| 526 | _aP135 | ||
| 526 | _aP134 | ||
| 526 | _aP133 | ||
| 526 | _aP129 | ||
| 526 | _aP128 | ||
| 526 | _aP127 | ||
| 526 | _aP120 | ||
| 526 | _aP119 | ||
| 526 | _aP118 | ||
| 526 | _aP116 | ||
| 526 | _aP115 | ||
| 526 | _aP114 | ||
| 526 | _aP110 | ||
| 526 | _aP109 | ||
| 526 | _aP108 | ||
| 526 | _aP104 | ||
| 526 | _aP103 | ||
| 526 | _aP102 | ||
| 526 | _aP99 | ||
| 526 | _aP98 | ||
| 526 | _aP97 | ||
| 526 | _aP96 | ||
| 526 | _aP95 | ||
| 526 | _aP93 | ||
| 526 | _aP90 | ||
| 526 | _aP89 | ||
| 526 | _aP88 | ||
| 526 | _aP83 | ||
| 526 | _aP82 | ||
| 526 | _aP62 | ||
| 526 | _aP59 | ||
| 526 | _aP58 | ||
| 526 | _aP57 | ||
| 526 | _aP51 | ||
| 526 | _aP49 | ||
| 526 | _aP48 | ||
| 526 | _aP47 | ||
| 526 | _aP29 | ||
| 526 | _aP24 | ||
| 526 | _aP20 | ||
| 526 | _aP19 | ||
| 526 | _aP17 | ||
| 526 | _aP15 | ||
| 526 | _aP14 | ||
| 526 | _aP12 | ||
| 526 | _aP10 | ||
| 526 | _aP09 | ||
| 526 | _aP08 | ||
| 526 | _aP07 | ||
| 526 | _aP06 | ||
| 526 | _aP05 | ||
| 526 | _aP04 | ||
| 526 | _aP01 | ||
| 556 |
_a10444184961 E001-106
_z9786124606892 |
||
| 650 | 1 | 8 |
_aJuicio oral (Derecho procesal penal) _xLegislación _zPerú. _92853 |
| 650 | 2 | 8 |
_aGestión de conflictos _vEstudio de casos. _92854 |
| 650 | 2 | 8 |
_aDerecho procesal penal _xLegislación _zPerú. _92855 |
| 710 |
_aAsociación Peruana de Ciencias Jurídicas y Conciliación. _92856 |
||
| 942 |
_2ddc _cBK _n0 |
||
| 980 |
_618226 _aJaime Vilcazán Jefe de Análisis Documental _81 _gALBERTO SANCHEZ Responsable de Automatización |
||
| 999 |
_c62040 _d62040 |
||